000 01529cam a22004454a 4500
001 muse73679
003 MdBmJHUP
005 20210127151516.0
006 m o d
007 cr||||||||nn|n
008 960116s1996 nyu o 00 0 eng d
010 _z 96001328
020 _a9780823285228
020 _a0823285227
020 _z0823216152 (hardcover)
020 _z0823216160 (pbk.)
020 _z9780823216161
035 _a(OCoLC)1098230687
040 _aMdBmJHUP
_cMdBmJHUP
050 0 4 _aB945.P44
_bP63 1996
082 0 _a191
_220
100 1 _aPotter, Vincent G.
245 1 0 _aPeirce's Philosophical Perspectives
_cby Vincent G. Potter ; edited by Vincent M. Colapietro.
264 1 _bFordham University Press,
264 3 _bProject MUSE,
300 _a1 online resource (xxviii, 212 p.)
504 _aIncludes bibliographical references (p. [205]-209).
506 0 _aOpen Access
_fUnrestricted online access
_2star
588 _aDescription based on print version record.
600 1 1 _aPeirce, Charles S.
_q(Charles Sanders),
_d1839-1914.
655 7 _aElectronic books.
_2local
700 1 _aColapietro, Vincent Michael,
_d1950-
710 2 _aProject Muse.
_edistributor
830 0 _aBook collections on Project MUSE.
856 4 0 _zFull text available:
_uhttps://muse.jhu.edu/book/64109/
999 _c25994
_d25994